03385cam a22003375a 4500999001700000001000900017005001700026008004100043010001700084020003000101035002400131040006000155082002100215245020200236260007400438300003500512504004100547520178900588541001902377650003402396650002302430651001002453653002002463700003902483700003902522856010602561856008202667856016702749942000802916952012302924 c27481d274522067898120190526130415.0180924s2017 paua frb 000 0 eng d a 2017278870 a9781628253863 (paperback) a(OCoLC)on1005842950 aN$TbengcN$TdN$TdOCLCFdUMIdTOHdY9NdDLCdEG-ScBUE04a658.406bHOW22200aHow successful organizations implement change :bintegrating organizational change management and project management to deliver strategic value /ccompiled and edited by Emad E. Aziz, Wanda Curlee. aNewton Square, Pennsylvania :bProject Management Institute,cc.2017. axvii, 354 p. :bill. ;c28 cm. aIncludes bibliographical references. aThe only constant is change -- especially in today's business environment. Increasing globalization and the rise of new markets and technologies are forcing companies to compete in a more turbulent world than ever. To survive and thrive, organizations must be able to continuously evolve. Unfortunately, people tend to resist change. Uncertainty can be daunting, and people generally prefer to keep doing what they already know, avoiding unfamiliar situations, particularly in their work. The good news is that change can be managed using the same processes many organizations already use in their day-to-day project management activities. After all, every project results in some type of change to an organization. Building on the Project Management Institute's Managing Change in Organizations: A Practice Guide, and drawing on the project management expertise of a wide variety of authors, How Successful Organizations Implement Change explains the critical aspects of the change management process and outlines the methods that project, program, and portfolio managers can utilize to bring effective change in a complex and transient business context. For practitioners who are directly leading the change effort as well as those affected by it; for executives formulating strategies, even those managing operations; and for academics researching or teaching others about organizational change management, the examples provided in this book cover a broad range of industries and areas of business. How Successful Organizations Implement Change combines the change management knowledge of experts, academics, researchers, and practitioners with tools, processes, and templates, all of which make this volume a valuable resource, a must-have, for leaders of change in organizations. aEmad E. Aziz ; 7aOrganizational change.2BUEsh 7aLeadership.2BUEsh 2BUEsh bBUSADMcMay20191 aAziz, Emad E.,ecompiler,eeditor.1 aCurlee, Wanda,ecompiler,eeditor.403EBSCOhostuhttp://search.ebscohost.com/login.aspx?direct=true&scope=site&db=nlebk&db=nlabk&AN=1612693403Safari Books Onlineuhttp://proquest.safaribooksonline.com/?fpi=97816282538704 zConnect to this resource onlineuhttp://ezproxy.torontopubliclibrary.ca/login?url=http://proquestcombo.safaribooksonline.com/?uiCode=torontopl&xmlId=9781628253870 2ddc 00102ddc40708Donation-GaMAINbMAINc1STd2019-05-26eDonationl0o658.406 HOWp000047859r2025-07-15 00:00:00yBB